| 000 | 00706nam a2200229Ia 4500 | ||
|---|---|---|---|
| 003 | OSt | ||
| 005 | 20260325094915.0 | ||
| 008 | 210716s2005 xx 000 0 und d | ||
| 020 | _a8122417051 | ||
| 040 | _cAIMIT LIBRARY | ||
| 041 | _aeng | ||
| 082 |
_a511.3 _21 _bVASC |
||
| 100 |
_aVasudev, C. _9259223 |
||
| 245 |
_aTheory and problems of combinatorics / _cBy C Vasudev. |
||
| 250 | _a1st ed. | ||
| 260 |
_aNew Delhi : _bNew Age International Pvt Ltd , _c2005. |
||
| 300 |
_axi,292p. ; _bPB _c24.3 cm |
||
| 650 |
_aFundamentals principles of counting _9259224 |
||
| 650 |
_aThe principles of inclusion and exclusion _9259225 |
||
| 650 |
_aGroup theory _9259226 |
||
| 942 |
_2ddc _cBK _e1st _k511.3 VASC |
||
| 999 |
_c187400 _d187400 |
||